000 00286nam a22001337a 4500
008 171002b xxu||||| |||| 00| 0 eng d
020 _a1555422802
041 _aeng
080 _a159.9
100 _a48
101 _aPSI
245 _aWORKING ETHICS
_cBROWN.M.T
942 _2udc
_cBK
999 _c31228
_d31228